| 000 | 00603nam a2200217Ia 4500 | ||
|---|---|---|---|
| 003 | GCL | ||
| 008 | 140319s9999 xx 000 0 eng d | ||
| 040 |
_aGCL / _cGCL |
||
| 082 | 0 | 4 |
_a912.53 _bG A |
| 100 | 1 | _aGEO PROJECTS | |
| 245 | 1 | 0 |
_aARABIA: BAHRAIN, OMAN, QATAR, SAUDI ARABIA, UNITED ARAB EMIRATES AND YEMEN / _cGEO PROJECTS |
| 260 |
_a[S.N] : _bGEO PROJECTS |
||
| 650 | 0 | 4 | _aARABIA - MAPS |
| 650 | 0 | 4 | _aSAUDIA - MAPS |
| 650 | 0 | 4 | _aYEMEN - MAPS |
| 650 | 0 | 4 | _aKUWAIT - MAPS |
| 650 | 0 | 4 | _aBAHRAIN - MAPS |
| 650 | 0 | 4 | _aQATAR - MAPS |
| 650 | 0 | 4 | _aUNITED ARAB EMIRATES - MAPS |
| 942 |
_2ddc _cBK |
||
| 999 |
_c14937 _d14937 |
||